000 00614nam a22002177a 4500
003 UA-OsUOA
001 51212
007 ta
008 20140828b un ||||| |||| 00| 0 ukr d
090 _a94(477).02
942 _cBR
040 _aUA-OsUOA
_beng
_cUA-OsUOA
_dUA-OsUOA
245 _aKievan Rus' Is Not Identical With Russia!
300 _a36 p.
955 _a1
041 _aeng
080 _a94(477).02
650 7 _a9 Географія. Біографії. Історія
_2UDC
999 _c431340
_d431340